000
00293nam a22001217a 4500
999
_c
13465
_d
13465
020
_a
9789694963297
082
_a
954.9105
100
_a
Gohar Ayub Khan
245
_a
Testing Times as Foreign Minister
260
_a
Islamabad
_b
Dost Publications
_c
2009
300
_a
xvi, 352 pages
942
_c
BK